Normal view
MARC view
- Major Tanveer Mahmud
Entry Personal Name
001 - CONTROL NUMBER
- control field: 48474
003 - CONTROL NUMBER IDENTIFIER
- control field: NUST
005 - DATE AND TIME OF LATEST TRANSACTION
- control field: 20210314134047.0
008 - FIXED-LENGTH DATA ELEMENTS
- fixed length control field: 210314|| aca||aabn | a|a d
040 ## - CATALOGING SOURCE
- Original cataloging agency: NUST
- Transcribing agency: NUST
100 ## - HEADING--PERSONAL NAME
- Personal name: Major Tanveer Mahmud
670 ## - SOURCE DATA FOUND
- Source citation: Work cat.: (NUST): Major Tanveer Mahmud, Asphalt mix behavior with varied gradations and high temperature, 2001
